[Event "SCO National Chess Online"]
[Site "Chess.com INT"]
[Date "2020.09.26"]
[Round "4.2"]
[White "Kobalia, Mihail"]
[Black "Karimov, Alisher"]
[Result "1-0"]
[WhiteElo "2614"]
[BlackElo "2222"]
[PlyCount "111"]
[EventDate "2020.09.26"]
[EventType "team (rapid)"]
[EventRounds "9"]
[EventCountry "USA"]
[SourceTitle "CBM 198 Extra"]
[Source "ChessBase"]
[SourceDate "2020.11.30"]
[SourceVersion "1"]
[SourceVersionDate "2020.11.30"]
[SourceQuality "1"]
[WhiteTeam "Russia"]
[BlackTeam "Tajikistan "]
[WhiteTeamCountry "RUS"]
[BlackTeamCountry "TJK"]

1. e4 c5 2. Nf3 e6 3. g3 Nc6 4. Bg2 Nf6 5. Qe2 d6 6. 0-0 Be7 7. Rd1 0-0 8. c3 e5 9. h3 Qc7 10. d4 cxd4 11. cxd4 exd4 12. Na3 d5 13. exd5 Nxd5 14. Nxd4 Bxa3 15. Nb5 Qe7 16. Qxe7 Bxe7 17. Rxd5 Be6 18. Rd1 Bf6 19. Bf4 Rfd8 20. Nc7 Bxb2 21. Nxe6 fxe6 22. Rxd8+ Rxd8 23. Rb1 Be5 24. Bxc6 Bxf4 25. Rxb7 Be5 26. Bd7 Bd4 27. Bxe6+ Kh8 28. Kg2 Bb6 29. h4 g6 30. g4 Rd6 31. Re7 Rd2 32. Rf7 h6 33. Kg3 Rc2 34. Bb3 Rc7 35. Rf6 Kg7 36. Re6 Rc3+ 37. Kg2 Bd8 38. h5 gxh5 39. gxh5 Bg5 40. Rg6+ Kh7 41. Ra6 Rc7 42. Kg3 Rg7 43. Bc2+ Kh8 44. Bg6 Bd8 45. f4 Re7 46. f5 Bb6 47. f6 Re5 48. Ra4 Re6 49. f7 Kg7 50. Rc4 Re3+ 51. Kf4 Re1 52. Rc8 Rf1+ 53. Kg4 Rg1+ 54. Kh3 Rh1+ 55. Kg2 Rg1+ 56. Kh2 1-0

[Event "SCO National Chess Online"]
[Site "Chess.com INT"]
[Date "2020.09.26"]
[Round "2.1"]
[White "Zarubitski, Viachaslau"]
[Black "Karimov, Alisher"]
[Result "1/2-1/2"]
[WhiteElo "2442"]
[BlackElo "2222"]
[PlyCount "88"]
[EventDate "2020.09.26"]
[EventType "team (rapid)"]
[EventRounds "9"]
[EventCountry "USA"]
[SourceTitle "CBM 198 Extra"]
[Source "ChessBase"]
[SourceDate "2020.11.30"]
[SourceVersion "1"]
[SourceVersionDate "2020.11.30"]
[SourceQuality "1"]
[WhiteTeam "Belarus"]
[BlackTeam "Tajikistan "]
[WhiteTeamCountry "BLR"]
[BlackTeamCountry "TJK"]

1. e4 c5 2. Nf3 e6 3. d4 cxd4 4. Nxd4 Nc6 5. Nc3 Qc7 6. g3 a6 7. Bg2 Nf6 8. 0-0 Be7 9. Nb3 d6 10. a4 b6 11. f4 Bb7 12. Be3 0-0 13. Qe2 Na5 14. Nxa5 bxa5 15. g4 d5 16. exd5 Nxd5 17. Nxd5 Bxd5 18. Bxd5 exd5 19. Qd3 Rab8 20. b3 Bc5 21. Rae1 Rfe8 22. Bxc5 Qxc5+ 23. Kg2 h6 24. Rxe8+ Rxe8 25. Rf2 Qd6 26. f5 Re4 27. h3 Qe5 28. Qg3 Qd4 29. Qd3 Qe5 30. Qg3 Qa1 31. Qb8+ Kh7 32. Qb7 Re1 33. Qxd5 Rh1 34. Kg3 Rg1+ 35. Kh2 Rd1 36. Qe4 f6 37. h4 Re1 38. Re2 Rg1 39. Qf3 Rf1 40. Rf2 Re1 41. Kg2 Rg1+ 42. Kh2 Re1 43. Re2 Rg1 44. Rf2 Re1 1/2-1/2

[Event "Titled Tuesday intern op 22nd Sept"]
[Site "Chess.com INT"]
[Date "2020.09.22"]
[Round "1"]
[White "Andreikin, Dmitry"]
[Black "Karimov, Alisher"]
[Result "1-0"]
[WhiteElo "2726"]
[BlackElo "2222"]
[PlyCount "73"]
[EventDate "2020.09.22"]
[EventType "swiss (blitz)"]
[EventRounds "10"]
[EventCountry "USA"]
[SourceTitle "CBM 198 Extra"]
[Source "ChessBase"]
[SourceDate "2020.11.30"]
[SourceVersion "1"]
[SourceVersionDate "2020.11.30"]
[SourceQuality "1"]

1. e4 c5 2. Nc3 e6 3. Nge2 Nc6 4. g3 d6 5. Bg2 Nf6 6. 0-0 Be7 7. d3 0-0 8. f4 a6 9. h3 b5 10. g4 Bb7 11. g5 Nd7 12. h4 Nd4 13. Be3 b4 14. Nb1 Nxe2+ 15. Qxe2 Qc7 16. Nd2 f5 17. Rae1 Rae8 18. h5 d5 19. exf5 exf5 20. Qf3 Rb8 21. Bf2 Bd6 22. Bh4 d4 23. Qf2 Nb6 24. Bxb7 Qxb7 25. Re6 Qc7 26. Qf3 Rbe8 27. Rxe8 Rxe8 28. g6 Re3 29. Qg2 hxg6 30. hxg6 Bxf4 31. Nc4 Nxc4 32. Qd5+ Kh8 33. Qxf5 Bh2+ 34. Kh1 Qc6+ 35. Kxh2 Qd6+ 36. Kh1 Rh3+ 37. Qxh3 1-0

[Event "Titled Tuesday intern op 25th Aug"]
[Site "Chess.com INT"]
[Date "2020.08.25"]
[Round "5"]
[White "Karimov, Alisher"]
[Black "Kuderinov, Kirill"]
[Result "1-0"]
[WhiteElo "2222"]
[BlackElo "2409"]
[PlyCount "35"]
[EventDate "2020.08.25"]
[EventType "swiss (blitz)"]
[EventRounds "10"]
[EventCountry "USA"]
[SourceTitle "CBM 198 Extra"]
[Source "ChessBase"]
[SourceDate "2020.11.30"]
[SourceVersion "1"]
[SourceVersionDate "2020.11.30"]
[SourceQuality "1"]

1. d4 Nf6 2. Nc3 e6 3. e4 d5 4. exd5 exd5 5. Bd3 h6 6. Nge2 Bd6 7. 0-0 c6 8. Ng3 0-0 9. Nf5 Bxf5 10. Bxf5 Re8 11. Ne2 Ne4 12. Ng3 Nd7 13. Bxh6 gxh6 14. Qg4+ Kf8 15. Bxd7 Nf6 16. Qh4 Nxd7 17. Qxh6+ Kg8 18. Qxd6 1-0